000 00346nam a2200133Ia 4500
008 240624s9999 xx 000 0 und d
041 _aeng
082 _a658.827 ZHI
100 _aZHIYAN WU
245 _aFROM CHINESE BRAND CULTURE TO GLOBAL BRA
260 _c2013
_aNew York
_bPan Macmillan
300 _axii, 219 p.; 23 cm.
365 _cERU
_b38
999 _c30534
_d30534